E movies - Statistics

General Stats
  • This quiz has been taken 46 times
  • The average score is 8 of 17
Answer Stats
Picture Answer % Correct
E.T
96%
Elf
93%
Edward scissorhands
80%
Encanto
73%
Enchanted
71%
The emoji movie
64%
Elemental
58%
Easy A
49%
The emperor’s new groove
49%
Ella enchanted
40%
Eddie the eagle
38%
Evan Almighty
36%
Eragon
24%
Ex machina
24%
The evil dead
18%
Epic
13%
Early man
11%
No matching quizzes found
Score Distribution
Percent of People with Each Score
Percentile by Number Answered
Your Score History
You have not taken this quiz